Makroekonomická rovnováha českej ekonomiky v letech 1995 až 2005

Národné účty ako základ analýzy makroekonomickej rovnováhy. Makroekonomické identity. Dvojaký pohľad na makroekonomickú rovnováhu. Analýza makroekonomickej rovnováhy českej ekonomiky v rokoch 1995-2005. Medzinárodné porovnanie s vybranými tranzitívnymi ekonomikami.

Gespeichert in:
Bibliographische Detailangaben
1. Verfasser: Spěváček, Vojtěch
Format: Buchkapitel
Sprache:Tschechisch
Schlagworte:
Tags: Tag hinzufügen
Keine Tags, Fügen Sie das erste Tag hinzu!

MARC

LEADER 00000naa$a2200000$$$4500
001 0052007
005 20231019130826.3
041 0 |a cze 
044 |a CZ 
245 1 0 |a Makroekonomická rovnováha českej ekonomiky v letech 1995 až 2005  |c Vojtěch Spěváček 
520 |a Národné účty ako základ analýzy makroekonomickej rovnováhy. Makroekonomické identity. Dvojaký pohľad na makroekonomickú rovnováhu. Analýza makroekonomickej rovnováhy českej ekonomiky v rokoch 1995-2005. Medzinárodné porovnanie s vybranými tranzitívnymi ekonomikami. 
610 2 0 |a rovnováha rastu hospodárskeho 
610 2 0 |a Česko 
610 2 0 |a porovnanie medzinárodné 
610 2 0 |a krajiny tranzitívne 
610 2 0 |a účty národné 
610 2 0 |a analýza ekonomická 
100 1 |a Spěváček, Vojtěch